000 00710nam a2200241 i 4500
001 C2-0244639
003 PPAK
005 20180727205841.0
008 030107s1987 my a|||| ||||| | may d
040 _aPPAK
_beng
_cPPAK
_erda
082 0 4 _a959.5112
_223
090 0 0 _a959.5112
_bKED
_dKK
090 0 0 _a959.5112
_bKED
_dKWI
245 0 0 _aKedah dari segi sejarah
264 1 _aAlor Setar, Kedah :
_bPersatuan Sejarah Malaysia, Cawangan Negeri Kedah Darul Aman ,
_c1987
300 _a41 pages :
_billustrations ;
_c26 cm
336 _2rdacontent
_atext
337 _2rdamedia
_aunmediated
338 _2rdacarrier
_avolume
500 _aBilangan 1, Jilid II
650 1 0 _aKedah - History.
942 _ddc
_cB
999 _c58841
_d58841